000 01054cam a2200337 a 4500
001 3233
005 20250828151245.0
020 _a9780545139045
040 _aDLC
_cDLC
_dDLC
_beng
050 0 0 _aPZ8.3.L5857
082 0 0 _a813
100 1 _aLewis, Kevin
245 1 0 _aMy truck is stuck! /
_cLewis, Kevin and Kirk, Daniel
250 _aFirst Scholastic printing , November 2008
260 _aNew York :
_bScholastic ,
_c2008
300 _a28 unnumbered pages :
_bcolor illustrations ;
_c24 cm .
500 _aCover title.
505 _aG
520 _aWhen a dump truck "haulin' a great big load" gets stuck in the mud, progressively larger vehicles try to pull it out.
521 _a420
_bLexile
521 _aG
_bRaz-Plus
650 0 _aBoard books
650 1 _aDump trucks
_vFiction
650 1 _aTrucks
_vFiction.
650 1 _aDogs
_vFiction
650 1 _aStories in rhyme
650 1 _aBoard books
700 1 _aKirk, Daniel
_eillustrator
906 _a7
_bcbc
_corignew
_d1
_eocip
_f20
_gy-gencatlg
942 _2ddc
_cBK
_n0
999 _c3233
_d3233